000 00469nam a2200181Ia 4500
003 OSt
005 20240702171353.0
008 210210b1959 xxu||||| |||| 00| 0 eng d
040 _cAL
041 _aKannada
082 _a859/635
100 _aTA RA SU
_dತ. ರಾ.ಸು
_9134988
245 _aVIjayotsava 2
_bವಿಜಯೋತ್ಸವ ಭಾಗ ೨
260 _aBengaluru
_b-
_c1959
690 _aKannada Fiction
_9134991
906 _a021490
942 _2ddc
_cBK
999 _c145577
_d145577